01222nas a2200349 4500001001300000003000900013005001700022007000300039008003400042040005400076041000900130072001300139100002300152100001700175100001700192100001600209100002300225100001700248100001800265100001600283245014200299650001300441650002100454650001600475650001300491650002100504773011700525909004000642942001800682999001900700952015300719BR2011000707BR-BrBNA20231205114447.0ta230509b bl.|||p| |||| 00| 00por d aBR-BrBNAbporcBiblioteca Nacional de Agricultura a(Pt) aF60; E501 aBustamante, K.G.L.1 aLima, A.D.F.1 aSoares, M.L.1 aFiuza, T.S.1 aTresvenzol, L.M.F.1 aBara, M.T.F.1 aPimenta, F.C.1 aPaula, J.R.1 aAvaliação da atividade antimicrobiana do extrato etanólico bruto da casca da sucupira branca (Pterodon emarginatus Vogel)- Fabaceae aSUCUPIRA aPLANTA MEDICINAL aMEDICAMENTO aBACTERIA aCOMUNIDADE RURAL0 tRevista Brasileira de Plantas Medicinais (Brazil)xISSN 1516-0572g(Aug 2010), v. 12(3) p. 341-345wBR2011000707 a202311bLúciac55dLúcia Elande 2AGRISn0cANA c208869d208869 002AGRIS4071a41918b41918cPeriódicos Agrícolash(Aug 2010), v. 12(3) p. 341-345l0r2023-11-29t01yCRePortaria Interministerial nº 164/94